000 00798nam a2200241Ia 4500
003 GCL
008 140319s9999 xx 000 0 ara d
040 _aGCL /
_cGCL
082 0 4 _aد
_b050
100 1 _aمحمد م. الارناؤوط
245 1 0 _aتاريخ الكتاب: القسم الثانى ( عالم المعرفة 170 ) /
_cمحمد م. الارناؤوط
700 1 _aستيبتشفيتش، الكسندر
300 _a285 ص
490 _aعالم المعرفة
_v0
650 0 4 _aالطباعة
650 0 4 _aالكتب
650 0 4 _aالكتابة - ادوات ومواد
650 0 4 _aالكتب - صناعة و تجارة
650 0 4 _aالطباعة - تاريخ
650 0 4 _aالكتب - تاريخ
650 0 4 _aالمكتبات - تاريخ
942 _2ddc
_cBK
999 _c50314
_d50314